[Event "DVM U14 2014"]
[Site "Regensburg GER"]
[Date "2014.12.29"]
[Round "6"]
[White "Neumann, Theodor"]
[Black "Götz, Michael"]
[Result "0-1"]
[Termination "normal"]
[Board "8.4"]
[WhiteElo "1352"]
[BlackElo "1314"]
[WhiteTeam "Gütersloher SV"]
[BlackTeam "SC Porta Westfalica"]
[PlyCount "112"]
[WhiteFideId "16200799"]
[BlackFideId "16200756"]
[EventCountry "GER"]
[EventRounds "7"]
[EventType "team-swiss"]
[EventDate "2014.12.26"]

1. e4 c5 2. Nf3 Nc6 3. d4 cxd4 4. Nxd4 g6 5. Be3 Bg7 6. c3 Nf6 7. Nd2 O-O 8.
Be2 e6 9. Qc2 d5 10. Nxc6 bxc6 11. Bg5 Qb6 12. Bxf6 Bxf6 13. O-O Qc7 14. Nf3
Qf4 15. exd5 cxd5 16. Rad1 Bb7 17. Qd2 Qa4 18. b3 Qa5 19. Nd4 Rac8 20. c4 Qxd2
21. Rxd2 Rfd8 22. Bf3 Ba6 23. Ne2 dxc4 24. Rxd8+ Bxd8 25. bxc4 Bxc4 26. Rc1 Ba6
27. Rxc8 Bxc8 28. Ng3 Ba6 29. Bd1 Kf8 30. Be2 Bxe2 31. Nxe2 Ke7 32. f3 Kd6 33.
Kf2 Kc5 34. Ke3 Kb4 35. Kd4 Ka3 36. Nc3 Bf6+ 37. Kc4 Bxc3 38. Kxc3 Kxa2 39. Kc2
e5 40. g4 f5 41. gxf5 gxf5 42. h4 e4 43. fxe4 fxe4 44. Kc3 a5 45. Kc2 e3 46.
Kd3 Kb1 47. Kxe3 a4 48. Kf4 a3 49. Kg5 a2 50. Kh6 a1=Q 51. Kxh7 Qf6 52. h5 Qf8
53. h6 Kc2 54. Kg6 Qg8+ 55. Kf6 Kd2 56. Kf5 Ke2 0-1

[Event "DVM U14 2014"]
[Site "Regensburg GER"]
[Date "2014.12.29"]
[Round "6"]
[White "Stirner, Christof"]
[Black "Kroschel, Anton"]
[Result "1/2-1/2"]
[Termination "normal"]
[Board "9.1"]
[WhiteElo "1404"]
[BlackElo "1658"]
[WhiteTeam "SR Spaichingen"]
[BlackTeam "Lübecker SV"]
[PlyCount "44"]
[WhiteFideId "16200837"]
[BlackFideId "12969834"]
[EventCountry "GER"]
[EventRounds "7"]
[EventType "team-swiss"]
[EventDate "2014.12.26"]

1. e3 d5 2. Nf3 Nc6 3. d4 Bg4 4. Be2 e6 5. O-O Bd6 6. c4 dxc4 7. Bxc4 Nf6 8.
Nc3 O-O 9. h3 Bh5 10. Bd2 Re8 11. Rc1 e5 12. d5 Ne7 13. e4 Bg6 14. Re1 a6 15.
Bg5 Nc8 16. Qb3 Nb6 17. Rcd1 Rb8 18. a3 Nbd7 19. Qa2 h6 20. Bh4 Bh5 21. Rd3 Nc5
22. Rde3 Ncd7 1/2-1/2

[Event "DVM U14 2014"]
[Site "Regensburg GER"]
[Date "2014.12.29"]
[Round "6"]
[White "Bosselmann, Tom Linus"]
[Black "Klein, Sebastian"]
[Result "1/2-1/2"]
[Termination "normal"]
[Board "9.2"]
[WhiteElo "1623"]
[BlackElo "1303"]
[WhiteTeam "Lübecker SV"]
[BlackTeam "SR Spaichingen"]
[PlyCount "55"]
[WhiteFideId "12983845"]
[BlackFideId "16200845"]
[EventCountry "GER"]
[EventRounds "7"]
[EventType "team-swiss"]
[EventDate "2014.12.26"]

1. e4 a6 2. Nf3 b5 3. d4 Bb7 4. d5 c6 5. c4 cxd5 6. cxd5 Nf6 7. Bd3 e6 8. dxe6
dxe6 9. Qe2 Bc5 10. O-O O-O 11. h3 Nc6 12. Bg5 Nd4 13. Nxd4 Qxd4 14. Be3 Qe5
15. Bxc5 Qxc5 16. Nd2 Rfd8 17. Nf3 Qb4 18. a3 Qe7 19. Rac1 Rac8 20. Rfd1 g6 21.
Qe3 Ne8 22. b4 Rxc1 23. Rxc1 Qd6 24. Be2 Qe7 25. Kh1 Nd6 26. Nd2 Kf8 27. Rc5
Qd7 28. Rc2 1/2-1/2

[Event "DVM U14 2014"]
[Site "Regensburg GER"]
[Date "2014.12.29"]
[Round "6"]
[White "Molitor, Marwin"]
[Black "Pommerenke, Kayonzo"]
[Result "0-1"]
[Termination "normal"]
[Board "9.3"]
[WhiteElo "1175"]
[BlackElo "1562"]
[WhiteTeam "SR Spaichingen"]
[BlackTeam "Lübecker SV"]
[PlyCount "94"]
[WhiteFideId "16200853"]
[BlackFideId "12968129"]
[EventCountry "GER"]
[EventRounds "7"]
[EventType "team-swiss"]
[EventDate "2014.12.26"]

1. e4 {[%emt 0:00:00]} e5 {[%emt 0:00:00]} 2. Nf3 Nf6 3. Nxe5 d6 4. Nf3 Nxe4 5.
d3 Nf6 6. Nc3 Be7 7. Be2 O-O 8. O-O Bf5 9. Bf4 d5 10. d4 Nc6 11. Re1 Ne4 12.
Nxe4 dxe4 13. Nd2 Nxd4 14. Bg4 Bxg4 15. Qxg4 Nxc2 16. Bh6 Bf6 17. Nxe4 Nxa1 18.
Rxa1 Kh8 19. Nxf6 Qxf6 20. Be3 Qg6 21. Qb4 b6 22. h3 c5 23. Qc3 h6 24. b4 cxb4
25. Qxb4 Rac8 26. Rc1 Rxc1+ 27. Bxc1 Re8 28. Be3 Qe6 29. a3 Qe5 30. Qa4 Rd8 31.
g3 Qe6 32. Kg2 Qd5+ 33. Kh2 Qd7 34. Qb4 Kg8 35. Qb2 Qb7 36. Qe2 Qe4 37. Qe1 Rd3
38. Qb1 Rxe3 39. Qxe4 Rxe4 40. Kg2 b5 41. Kf3 Ra4 42. Ke2 Rxa3 43. Kd2 b4 44.
Kc2 a5 45. Kb2 a4 46. h4 Rf3 47. g4 Rxf2+ 0-1

[Event "DVM U14 2014"]
[Site "Regensburg GER"]
[Date "2014.12.29"]
[Round "6"]
[White "Dalchow, Jonas"]
[Black "Kühner, Tobias"]
[Result "1-0"]
[Termination "normal"]
[Board "10.1"]
[WhiteElo "1429"]
[BlackElo "1737"]
[WhiteTeam "SC 1997 Lambsheim"]
[BlackTeam "SK Bickenbach"]
[PlyCount "109"]
[WhiteFideId "12971251"]
[BlackFideId "12973815"]
[EventCountry "GER"]
[EventRounds "7"]
[EventType "team-swiss"]
[EventDate "2014.12.26"]

1. e4 c5 2. Nf3 d6 3. d4 cxd4 4. Nxd4 Nf6 5. Nc3 a6 6. Bc4 e6 7. Bb3 Be7 8. Be3
O-O 9. O-O Nbd7 10. f4 Nc5 11. e5 dxe5 12. fxe5 Nfd7 13. Nf3 b5 14. a3 Bb7 15.
Bd4 Qc7 16. Qe2 Nxb3 17. cxb3 Bc5 18. Bxc5 Qxc5+ 19. Qf2 Qxf2+ 20. Rxf2 Bxf3
21. Rxf3 Nxe5 22. Re3 Nc6 23. Rd3 Rad8 24. Rad1 Rxd3 25. Rxd3 Rd8 26. Rxd8+
Nxd8 27. Kf2 Kf8 28. Ne4 Nb7 29. b4 Ke7 30. Nc5 Nxc5 31. bxc5 f5 32. b4 e5 33.
g3 Kd7 34. h4 g6 35. Ke3 Kc6 36. Kf3 h6 37. Ke3 g5 38. hxg5 hxg5 39. Kf3 a5 40.
Ke3 axb4 41. axb4 e4 42. Ke2 f4 43. gxf4 gxf4 44. Kf2 Kc7 45. Ke2 Kd7 46. Kf2
Kc6 47. Ke2 Kd5 48. Kf2 e3+ 49. Ke2 Ke4 50. c6 f3+ 51. Ke1 Kd3 52. c7 f2+ 53.
Kf1 e2+ 54. Kxf2 e1=Q+ 55. Kxe1 1-0

[Event "DVM U14 2014"]
[Site "Regensburg GER"]
[Date "2014.12.29"]
[Round "6"]
[White "Wenzel, Calvin"]
[Black "Mühlpfordt, Thomas"]
[Result "1/2-1/2"]
[Termination "normal"]
[Board "10.2"]
[WhiteElo "1619"]
[BlackElo "1504"]
[WhiteTeam "SK Bickenbach"]
[BlackTeam "SC 1997 Lambsheim"]
[PlyCount "60"]
[WhiteFideId "12973920"]
[BlackFideId "12986623"]
[EventCountry "GER"]
[EventRounds "7"]
[EventType "team-swiss"]
[EventDate "2014.12.26"]

1. e4 {[%emt 0:00:00]} e5 2. Nf3 Nc6 3. Bc4 Nf6 4. d4 d6 5. dxe5 Nxe5 6. Nxe5
dxe5 7. Bxf7+ Ke7 8. Qxd8+ Kxd8 9. Nc3 Bd6 10. O-O Rf8 11. Bc4 Bd7 12. Be3 a6
13. Rad1 Ke8 14. Rd3 Rd8 15. Rfd1 h6 16. h3 Rh8 17. Bb3 Rf8 18. Kh1 Rh8 19. Kh2
Rf8 20. g3 Nh5 21. Kg2 g5 22. f3 Rc8 23. Nd5 Rd8 24. Nb6 Rf6 25. Nxd7 Rxd7 26.
Bd5 c5 27. b3 Ke7 28. a4 a5 29. Bc4 b6 30. Bb5 Rd8 1/2-1/2

[Event "DVM U14 2014"]
[Site "Regensburg GER"]
[Date "2014.12.29"]
[Round "6"]
[White "Nguyen, Truong Thinh"]
[Black "Löffner, Miguel"]
[Result "0-1"]
[Termination "normal"]
[Board "10.4"]
[WhiteElo "1163"]
[BlackElo "1211"]
[WhiteTeam "SK Bickenbach"]
[BlackTeam "SC 1997 Lambsheim"]
[PlyCount "98"]
[WhiteFideId "12983977"]
[BlackFideId "12972436"]
[EventCountry "GER"]
[EventRounds "7"]
[EventType "team-swiss"]
[EventDate "2014.12.26"]

1. e4 e5 2. Nf3 Nc6 3. Bc4 Bc5 4. d3 Nf6 5. Bg5 d6 6. h3 Na5 7. Bb3 Nxb3 8.
axb3 Be6 9. c3 a6 10. b4 Ba7 11. c4 b5 12. Qe2 bxc4 13. dxc4 Qb8 14. Bxf6 Qxb4+
15. Nbd2 gxf6 16. b3 Rg8 17. g4 Ke7 18. O-O h5 19. Nh2 hxg4 20. hxg4 Rg7 21.
Kh1 Bd4 22. Rad1 a5 23. Qf3 a4 24. bxa4 Rxa4 25. Qb3 Bxc4 26. Qxc4 Qxc4 27.
Nxc4 Rxc4 28. Kg2 c6 29. Rb1 Kd8 30. Rfc1 Rc5 31. Rxc5 Bxc5 32. f3 Kc7 33. Nf1
d5 34. exd5 cxd5 35. Rc1 Kd6 36. Kg3 f5 37. Nd2 Be3 38. Rd1 Bxd2 39. Rxd2 fxg4
40. fxg4 f5 41. Ra2 Rxg4+ 42. Kf3 e4+ 43. Kf2 Ke5 44. Ke1 e3 45. Ra3 d4 46. Ke2
Ke4 47. Ra4 f4 48. Rb4 f3+ 49. Ke1 Rg1# 0-1